000 00661nam a2200169 i 4500
001 25679
003 ES-MaACL
005 20230906153319.0
007 t|
008 030102s1982 sp ||||1| spa d
245 0 0 _aCiclo de conferencias [del] Arhivo Histórico Nacional, Madrid
_b: Madrid, octubre-noviembre de 1981 : Los archivos para la historia de la Restauración.
260 _aMadrid :
_bDirección General de Bellas Artes y Archivos,
_c1982.
300 _a181 p. ;
_c21 cm.
710 1 _aEspaña.
_bDirección General de Bellas Artes y Archivos.
_93708
710 2 _aArchivo Histórico Nacional (España)
_91450
852 _aES-MaACL
_jL-5292
_bR.105562
999 _c25679
_d25679